100 zufällige Städte - Bilderquiz - Statistiken

Allgemein
  • Dieses Quiz wurde 153 mal gespielt
  • Das Durchschnittsergebnis liegt bei 41 aus 100
Antwortstatistiken
Bildquiz Antwort % Korrekt
Paris
100%
Rom
100%
Berlin
98%
Moskau
95%
New York City
95%
Los Angeles
94%
Hamburg
93%
Dubai
89%
Rio de Janeiro
86%
Sydney
86%
Venedig
86%
Athen
84%
London
84%
Pisa
82%
Las Vegas
79%
Köln
78%
Kopenhagen
78%
Amsterdam
74%
Brüssel
74%
Mekka
74%
San Francisco
74%
Mexiko-Stadt
71%
Gizeh
69%
Washington D.C.
65%
Monaco
63%
Istanbul
62%
Lissabon
62%
Tokio
59%
Dublin
58%
Miami
58%
Mailand
56%
Toronto
56%
Kuala Lumpur
55%
Prag
55%
Barcelona
54%
Singapur
53%
Florenz
52%
Seattle
52%
Kapstadt
51%
Liverpool
50%
Madrid
49%
München
49%
Peking
49%
Buenos Aires
47%
Nairobi
47%
Dubrovnik
46%
Budapest
43%
Shanghai
43%
Bilbao
40%
Edinburgh
36%
Chicago
34%
Jerusalem
34%
Taipeh
34%
Frankfurt am Main
33%
Wien
33%
Bangkok
30%
New Orleans
30%
St. Petersburg
30%
Hanoi
28%
Kiew
26%
Zürich
26%
Oslo
25%
Reykjavik
24%
Boston
22%
Kyoto
22%
Doha
21%
Stockholm
21%
Casablanca
18%
Innsbruck
18%
Teheran
17%
Osaka
15%
Guangzhou
14%
Hongkong
14%
Havanna
13%
Jakarta
13%
Lima
13%
Delhi
12%
Valetta
11%
Genf
10%
Kairo
10%
Mumbai
10%
Baku
9%
Panama-Stadt
9%
Philadelphia
9%
Riad
9%
Sao Paulo
9%
Detroit
8%
Lagos
8%
Seoul
7%
Auckland
6%
Johannesburg
6%
Brisbane
5%
Kinshasa
5%
Algier
4%
Dhaka
4%
Helsinki
4%
Ulaanbaatar
4%
Melbourne
3%
Manila
2%
Santiago de Chile
2%
Keine übereinstimmenden Quizze gefunden
Verteilung der Resultate
Anzahl Personen mit jedem Resultat
Perzentil nach korrekt beantworteten Fragen
Ihre Resultats-Entwicklung
Sie haben dieses Quiz noch nicht gespielt